Buffalo raising as draught power in highland area of ratanakkiri province, ការចិញ្ចេឹមក្របីជាកំលាំងអូសទាញនៅតំបន់ខ្ពស់ ខេត្តរតនគិរី. (Record no. 2173)

000 -LEADER
fixed length control field 00593nam a22001577a 4500
003 - CONTROL NUMBER IDENTIFIER
control field OSt
005 - DATE AND TIME OF LATEST TRANSACTION
control field 20151007160844.0
008 - FIXED-LENGTH DATA ELEMENTS--GENERAL INFORMATION
fixed length control field 151007b xxu||||| |||| 00| 0 eng d
040 ## - CATALOGING SOURCE
Transcribing agency RUA
082 ## - DEWEY DECIMAL CLASSIFICATION NUMBER
Classification number AVM UY1997 B070 Or.1
100 ## - MAIN ENTRY--PERSONAL NAME
9 (RLIN) 2305
Personal name UY, DY.
245 ## - TITLE STATEMENT
Title Buffalo raising as draught power in highland area of ratanakkiri province, ការចិញ្ចេឹមក្របីជាកំលាំងអូសទាញនៅតំបន់ខ្ពស់ ខេត្តរតនគិរី.
260 ## - PUBLICATION, DISTRIBUTION, ETC. (IMPRINT)
Place of publication, distribution, etc. phnom phen
Name of publisher, distributor, etc. RUA
Date of publication, distribution, etc. 1997
300 ## - PHYSICAL DESCRIPTION
Extent 60p.
Other physical details ill.
Dimensions 29cmm.
942 ## - ADDED ENTRY ELEMENTS (KOHA)
Source of classification or shelving scheme
Koha item type AVM
Holdings
Price effective from Date last seen Permanent Location Not for loan Date acquired Source of classification or shelving scheme Koha item type Lost status Withdrawn status Total Renewals Date last checked out Total Checkouts Shelving location Damaged status Barcode Current Location Checked out Full call number
2015-10-072016-11-27Library Block B 2015-10-07 AVM  12016-11-271B070 RUA006252Library Block B2016-12-23AVM UY1997 B070 Or.1
មជ្ឈមណ្ឌលឯការនៃសាកលវិទ្យាល័យភូមិន្ទកសិកម្មចំការដូង

Powered by Koha